El Foix : entre l'eixutesa i la contaminació / Narcís Prat ... [et al.] entre l'eixutesa i la contaminació / Narcís Prat ... [et al.]
Descripción Física:
92 p. : il., 1 map. pleg. solt ; 24 cm
Colección:
Estudis i monografies ; 11
Otros Autores:
Prat i Fornells, Narcís
Materias:
Foix (Riu) -- Contaminació
MARC
| LEADER | 00000nam a2200000Ia 4500 | ||
|---|---|---|---|
| 001 | 1951 | ||
| 008 | 160829s1985 xx 000 0 cat d | ||
| 080 | |a C-1-286 | ||
| 245 | |a El Foix : |b entre l'eixutesa i la contaminació / Narcís Prat ... [et al.] | ||
| 260 | |a Barcelona : |b Diputació de Barcelona, Servei del Medi Ambient, |c 1985 | ||
| 300 | |a 92 p. : |b il., 1 map. pleg. solt ; |c 24 cm | ||
| 490 | |a Estudis i monografies ; 11 | ||
| 650 | |a Foix (Riu) |x Contaminació |9 19963 | ||
| 700 | 1 | |a Prat i Fornells, Narcís |9 38638 | |
| 710 | 1 | |a Barcelona (Catalunya : Província). |b Servei de Medi Ambient |9 53475 | |
| 901 | |a Arxiu | ||
| 942 | |n 1 | ||
| 952 | |0 0 |1 0 |4 0 |6 C1286 |7 1 |9 41389 |a Arxiu |b Arxiu |d 2016-12-01 |l 0 |o C-1-286 |p 1951 |r 2016-12-01 00:00:00 |w 2016-12-01 |y ARXIU | ||
| 999 | |c 43196 |d 43196 | ||